Rāmamohana : samaẏa, jībana, sādhanā. (Record no. 73073)
[ view plain ]
| 000 -LEADER | |
|---|---|
| fixed length control field | 00607cam a22002291 4500 |
| 001 - CONTROL NUMBER | |
| control field | sa 67002148 |
| 003 - CONTROL NUMBER IDENTIFIER | |
| control field | DLC |
| 005 - DATE AND TIME OF LATEST TRANSACTION | |
| control field | 20260227112328.0 |
| 008 - FIXED-LENGTH DATA ELEMENTS--GENERAL INFORMATION | |
| fixed length control field | 890613s1966 ii c b 000 0 beno |
| 010 ## - LIBRARY OF CONGRESS CONTROL NUMBER | |
| LC control number | sa 67002148 |
| 035 ## - SYSTEM CONTROL NUMBER | |
| System control number | (OCoLC)19864108 |
| 040 ## - CATALOGING SOURCE | |
| Original cataloging agency | DLC |
| Transcribing agency | WaU |
| Modifying agency | DLC |
| 042 ## - AUTHENTICATION CODE | |
| Authentication code | premarc |
| 050 00 - LIBRARY OF CONGRESS CALL NUMBER | |
| Classification number | BL1265.R3 |
| Item number | G33 |
| 100 1# - MAIN ENTRY--PERSONAL NAME | |
| Personal name | Garai, Madan Mohan. |
| 245 10 - TITLE STATEMENT | |
| Title | Rāmamohana : samaẏa, jībana, sādhanā. |
| 260 ## - PUBLICATION, DISTRIBUTION, ETC. | |
| Date of publication, distribution, etc. | [1966] |
| 300 ## - PHYSICAL DESCRIPTION | |
| Extent | 10, 256 p. |
| Other physical details | port. |
| Dimensions | 23 cm. |
| 500 ## - GENERAL NOTE | |
| General note | In Bengali. |
| 504 ## - BIBLIOGRAPHY, ETC. NOTE | |
| Bibliography, etc. note | Bibliography: p. [250]-256. |
| 600 00 - SUBJECT ADDED ENTRY--PERSONAL NAME | |
| Personal name | Rammohun Roy, |
| Titles and other words associated with a name | Raja, |
| Dates associated with a name | 1772?-1833. |
No items available.